000 00777nam a2200217Ii 4500
003 JO-AjNU
008 230605s9999||||xx |||||||||||||| ||und||
017 _a2007/4725
020 _a977-416-637-6
040 _aJO-AjNU
_bara
_erda
_cJO-AjNU
041 _aara
050 1 4 _aPJ7860 2007
100 3 _aبقلم بكر، إسماعيل؛ دراسة محمد نجيب التلاوي,
_eauthor
_952759
245 0 0 _aليالي الصيف القمرية: قصص
264 3 1 _aالقاهرة: الهيئة المصرية العامة للكتاب، 2007
300 _a119ص
336 _atext
_btxt
_2rdacontent
337 _aunmediated
_bn
_2rdamedia
338 _avolume
_bnc
_2rdacarrier
650 4 _aالادب العربي - القصص العربية القصيرة
_952760
999 _aA23390
_c26958
_d26958